000 00669nam a22001817a 4500
003 AM-YeHGA
005 20250617154815.0
008 190110s ||||| |||| 00| 0 rus d
040 _aAM-YeHGA
041 0 _arus
100 1 _aВоронов, Вячеслав Александрович
245 1 0 _aОсновы лыжного спорта :
_bРуководство для обществ. инструкторов и начинающих лыжников /
_cВ.А. Воронов.
260 _a[Ленинград] :
_bЛениздат,
_c1946.
300 _a104 с. :
_bил.
653 0 _aЛыжный спорт
942 _2udc
_cBK
090 _c422592
999 _c420194
_d420194